<?xml version="1.0" encoding="UTF-8"?>
<record
    xmlns:xsi="http://www.w3.org/2001/XMLSchema-instance"
    xsi:schemaLocation="http://www.loc.gov/MARC21/slim http://www.loc.gov/standards/marcxml/schema/MARC21slim.xsd"
    xmlns="http://www.loc.gov/MARC21/slim">

  <leader>01691nam a2200229 a 4500</leader>
  <controlfield tag="001">17125</controlfield>
  <controlfield tag="003">CO-ViMGA</controlfield>
  <controlfield tag="008">141112s2004    ck      r     000 u spa d</controlfield>
  <datafield tag="020" ind1=" " ind2=" ">
    <subfield code="a">9586551865</subfield>
  </datafield>
  <datafield tag="040" ind1=" " ind2=" ">
    <subfield code="a">CO-ViMGA</subfield>
    <subfield code="b">spa</subfield>
    <subfield code="c">CO-ViMGA</subfield>
  </datafield>
  <datafield tag="082" ind1="0" ind2="4">
    <subfield code="a">617.96 A581c</subfield>
  </datafield>
  <datafield tag="100" ind1="1" ind2=" ">
    <subfield code="a">Alvarez Echeverri, Tiberio</subfield>
    <subfield code="9">24310</subfield>
  </datafield>
  <datafield tag="245" ind1="1" ind2="0">
    <subfield code="a">Cirug&#xED;a / </subfield>
    <subfield code="c">Anestesiolog&#xED;a</subfield>
  </datafield>
  <datafield tag="260" ind1=" " ind2=" ">
    <subfield code="a">Medell&#xED;n (Antioquia), </subfield>
    <subfield code="c">Universidad de Antioquia, </subfield>
    <subfield code="c">1995</subfield>
  </datafield>
  <datafield tag="300" ind1=" " ind2=" ">
    <subfield code="a">454.p.</subfield>
  </datafield>
  <datafield tag="505" ind1=" " ind2=" ">
    <subfield code="a">Historia de la anestesiolog&#xED;a Perfil general y riesgos profesionales del anestesi&#xF3;logo Seguridad durante el proceso anestesico Proceso anestesico Principios farmacol&#xF3;gicos de la anestesia Efectos de la anestesia en el coraz&#xF3;n , el pulmon , el ri&#xF1;on y el higado Registro anestesico M&#xE1;quina de anestesia Liquidos y electrolitos Trasfusi&#xF3;n sangu&#xED;nea Evaluaci&#xF3;n y medicaci&#xF3;n preanestesicas Inducci&#xF3;n anestesica Relajantes musculares Intubaci&#xF3;n de la traquea Anestesicos inhalados Postura Anestesicos locales Anestesia conductiva epidural Anestesia conductiva raquidea Bloqueos nerviosos regionales Sala de recuperaci&#xF3;n Anestesia obstetrica Anestesia pedi&#xE1;trica Anestesia geri&#xE1;trica Anestesia endocrinol&#xF3;gica Anestesia en neurocirug&#xED;a Anestesia en el paciente con trauma encefalocraneano Anestesia en trauma Anestesia ambulatoria Dolor agudo Dolor en ni&#xF1;os Complicaciones durante el proceso anestesico Choque Insuficiencia respiratoria Reanimaci&#xF3;n cardiopulmonar del adulto Reanimaci&#xF3;n cardiopulmonar pedi&#xE1;trica Informaci&#xF3;n b&#xE1;sica sobre medicamentos</subfield>
  </datafield>
  <datafield tag="590" ind1=" " ind2=" ">
    <subfield code="a">Forma de adquisici&#xF3;n : Premio - Mincultura</subfield>
  </datafield>
  <datafield tag="650" ind1="1" ind2="4">
    <subfield code="a">ANESTESIA</subfield>
    <subfield code="9">48172</subfield>
  </datafield>
  <datafield tag="650" ind1="1" ind2="4">
    <subfield code="a">ANESTESIOLOGIA</subfield>
  </datafield>
  <datafield tag="650" ind1="1" ind2="4">
    <subfield code="a">CIRUGIA</subfield>
  </datafield>
  <datafield tag="942" ind1=" " ind2=" ">
    <subfield code="2">ddc</subfield>
    <subfield code="c">BK</subfield>
  </datafield>
  <datafield tag="999" ind1=" " ind2=" ">
    <subfield code="c">26729</subfield>
    <subfield code="d">26729</subfield>
  </datafield>
  <datafield tag="952" ind1=" " ind2=" ">
    <subfield code="0">0</subfield>
    <subfield code="1">0</subfield>
    <subfield code="2">ddc</subfield>
    <subfield code="4">0</subfield>
    <subfield code="7">0</subfield>
    <subfield code="8">002</subfield>
    <subfield code="a">MEVIECAR</subfield>
    <subfield code="b">MEVIECAR</subfield>
    <subfield code="d">2015-12-04</subfield>
    <subfield code="h">Volumen. 1 | 11/jun/2009</subfield>
    <subfield code="l">0</subfield>
    <subfield code="o">617.96 A581c </subfield>
    <subfield code="p">17125</subfield>
    <subfield code="r">2015-12-04 00:00:00</subfield>
    <subfield code="t">Ej. 1</subfield>
    <subfield code="w">2015-12-04</subfield>
    <subfield code="y">BK</subfield>
  </datafield>
</record>
